000 00669nam a2200205Ia 4500
003 GCL
008 140319s9999 xx 000 0 ara d
040 _aGCL /
_cGCL
082 0 4 _aط
_b813.087
_bد ع
100 1 _aدار الشروق
245 1 0 _aاجمل الحكايات العالمية \ عالم ديزنى - سندريلا - بيتربان /
_cدار الشروق
260 _aالقاهرة :
_bدار الشروق
300 _aمتعدد ؛
_c32 سم
490 _aعالم ديزنى
_v0
650 0 4 _aقصص الاطفال
650 0 4 _aادب الاطفال
650 0 4 _aقصص المغامرات
650 0 4 _aسندريلا
942 _2ddc
_cBK
999 _c51131
_d51131